Os Sentidos do Cooperativismo: entre a Autogestô e a Precarizaȯ̂ do Trabalho /

Detalles Bibliográficos
Autor principal: de Oliveira, Fb̀io
Formato: eBook
Lenguaje:portugués
Publicado: San Pablo: LTR Editora, 2014
Materias:
Acceso en línea:Acceso restringido

MARC

LEADER 00000nam a22000007a 4500
005 2014071402292.0
007 cr|||| ||||
008 140714s2014 br |||||s|||| 00||0 por d
020 |a 978-85-361-2888-7 
035 |a 12272 
040 |a vLex 
090 |c 5052  |d 5052 
100 1 |a de Oliveira, Fb̀io 
245 1 3 |a Os Sentidos do Cooperativismo:  |h [Recurso electrn̤ico] :  |b entre a Autogestô e a Precarizaȯ̂ do Trabalho /  |c Fb̀io de Oliveira 
256 |a Servicio en ln̕ea 
260 |a San Pablo:  |b LTR Editora,  |c 2014 
300 |a 1 recurso electrn̤ico 
506 1 |a Disponible solo en los productos indicados  |d vLex Global  |d vLex Global (Academic Edition, excluding Law Schools)  |d vLex Global (U.S. Academic Edition, Law Schools)  |d vLex Global (U.S. Academic Edition, excluding Law Schools)  |d vLex Global (Academic Edition, Law Schools) 
650 0 4 |a Derecho Laboral y Seguridad Social  |z Brasil 
740 0 |a vLex Libros (Servicio en ln̕ea) 
856 4 0 |u http://vlex.com/source/sentidos-cooperativismo-autogest-o-precariza-o-trabalho-12272  |z Acceso restringido 
942 |c BOOK 
999 0 |a Labor Law and Social Security